000 00679nam a2200253Ia 4500
003 OSt
005 20220928130147.0
006 a|||||r|||| 00| 0
007 ta
008 220927b |||||||| |||| 00| 0 eng d
024 _a30803
037 _cTextual
040 _aSDCL
_cSDCL
_beng
041 _2eng
_aeng
082 _aG9M, M8
100 _aWalker J M Ed.
_9414340
245 0 _aMolecular biology and biotechnology.
250 _a2
260 _aLondon
_bRoyal Society of Chemistry
_c1988
300 _axx,434p
_ccm.
700 _a Gingold E B Ed.
_9414341
942 _hG9M, M8
_cTEXL
_2CC
999 _c785503
_d785503